Normal view
MARC view
Entry Personal Name
001 - CONTROL NUMBER
- control field: 13454
003 - CONTROL NUMBER IDENTIFIER
- control field: ARRUPE
005 - DATE AND TIME OF LATEST TRANSACTION
- control field: 20141216134644.0
008 - FIXED-LENGTH DATA ELEMENTS
- fixed length control field: 141216|| aca||aabn | a|a d
040 ## - CATALOGING SOURCE
- Original cataloging agency: ARRUPE
- Transcribing agency: ARRUPE
100 ## - HEADING--PERSONAL NAME
- Personal name: McCawley, James D.
670 ## - SOURCE DATA FOUND
- Source citation: Work cat.: (ARRUPE)0: McCawley, James D., Everything that linguists have always wanted to know about logic but were ashamed to ask /, 1993.